[Event "Yingmei CHN-chT 2018"]
[Site "Shenzhen"]
[Date "2018.04.11"]
[Round "1"]
[White "Zou, Chen"]
[Black "Liang, Jinrong"]
[Result "1/2-1/2"]
[WhiteElo "2363"]
[BlackElo "2465"]
[Annotator "TA"]
[PlyCount "60"]
[EventDate "2018.??.??"]
[EventCountry "CHN"]
[SourceTitle "playchess.com"]
[Source "ChessBase"]
[SourceQuality "1"]

{[%evp 26,60,47,46,102,96,130,100,152,95,109,96,107,111,112,106,108,76,156,15,8,8,7,8,23,0,0,0,0,0,0,0,-1,0,0,-8,0]} 1. e4 c5 2. Nf3 Nc6 3. d4 cxd4 4. Nxd4 e6 5. Nc3 a6 6. Nxc6 bxc6 7. Bd3 d5 8. O-O Nf6 9. Re1 Be7 10. e5 Nd7 11. Qg4 g6 12. Bh6 Rb8 {B46: Sicilian: Taimanov: 5 Nc3 a6} 13. Nd1 Rb4 14. c4 {LiveBook: 5 Games} Nc5 ({Black should play} 14... Bf8 $14 15. Bxf8 h5) (14... dxc4 15. Bxc4 Qa5 16. Ne3 Nxe5 17. Qd4 f6 18. Qc3 Qc5 19. Rac1 a5 20. a3 {1-0 (44) Caruana,F (2791)-Svidler,P (2753) Dubai 2014}) 15. Bf1 $16 a5 16. Rc1 Ba6 {[#]} ({Better is} 16... Rg8) 17. a3 (17. Ne3 $142 $1) 17... Rxc4 $146 ({Predecessor:} 17... Rb8 18. cxd5 Bxf1 19. d6 Nd3 20. dxe7 Qxe7 21. Rxf1 Nxc1 22. Bxc1 {1-0 (36) Khalikian,O-Khanov,K Moscow (Russia) 1979}) 18. Bxc4 Bxc4 19. Rxc4 dxc4 20. Qxc4 Qd3 21. Ne3 {And now Qc1 would win.} g5 (21... Qxc4 $142 22. Nxc4 Kd7) 22. b4 (22. Qc1 $16 Qb5 23. Rd1) 22... Qxc4 $11 23. Nxc4 axb4 24. axb4 Nb7 $1 25. Bg7 Rg8 {The position is equal.} 26. Bf6 Bxf6 $1 27. exf6 {[#] Ne5 is the strong threat.} Rg6 28. Ne5 Rxf6 29. Nxc6 Rf4 30. Rc1 Nd6 {Precision: White = 55%, Black = 64%.} 1/2-1/2

[Event "Yingmei CHN-chT 2018"]
[Site "Shenzhen"]
[Date "2018.04.11"]
[Round "1"]
[White "Lin, Yi"]
[Black "Zhao, Chenxi"]
[Result "0-1"]
[WhiteElo "2360"]
[BlackElo "2275"]
[Annotator "NA RC"]
[PlyCount "114"]
[EventDate "2018.??.??"]
[EventCountry "CHN"]
[SourceTitle "playchess.com"]
[Source "ChessBase"]
[SourceQuality "1"]
[TimeControl "5400+30"]

{[%evp 8,76,0,6,0,0,0,-10,-4,0,26,12,13,12,38,45,46,29,54,45,47,21,34,-6,0,12,67,10,32767,34,32767,57,49,-8,32767,-36,0,-45,-48,32767,-33,-41,-22,32767,0,-5,-8,-34,0,-41,-31,-39,-11,-35,-60,-57,-7,-143,-47,-197,-48,-193,0,0,0,-51,-38,-164,29,29,31]} 1. d4 Nf6 2. c4 b6 3. Nf3 Bb7 4. Nc3 e6 5. a3 d5 6. cxd5 Nxd5 7. e3 Nxc3 8. bxc3 Nd7 {E12: Queen's Indian: Unusual White 4th moves, 4 a3, 4 Nc3 Bb7 5 a3 and 4 Nc3 Bb7} (8... Be7 9. Bd3 O-O 10. O-O c5 11. Bb2 Nc6 12. Qe2 Rc8 13. Rad1 cxd4 14. cxd4 Bf6 15. Nd2 Na5 16. f4 g6 17. Nf3 Qd5 18. e4 Qd8 19. Ne5 Bg7 20. f5 exf5 21. exf5 Bd5 22. Qf2 {0-1 (52) Korobov,A (2692)-Anton Guijarro,D (2650) Doha 2016}) 9. Bd3 Bd6 10. e4 e5 11. O-O O-O {LiveBook: 4 Games} 12. Bg5 f6 13. Bd2 $146 ({Find the theoretical novelty and annotate with similar games:} 13. Be3 Qe7 14. Nd2 Kh8 15. a4 f5 16. exf5 {½-½ (25) Alonso Garcia,R (2360)-Fluvia Poyatos,J (2490) Catalunya 2012}) 13... Kh8 14. Nh4 g6 15. Bh6 Re8 16. Qg4 Nf8 ({Black should try} 16... Qe7 $11) 17. Rfe1 (17. f4 $5 {[%cal Rf4e5]}) 17... Bc8 18. Qf3 Qe7 19. a4 Bd7 20. g3 ({Better is} 20. d5 $14) 20... Ne6 21. Be3 Ng5 22. Bxg5 fxg5 23. Ng2 Rf8 24. Qe2 Qg7 25. Qb2 c5 26. d5 c4 27. Bxc4 Bc5 28. Ne3 Rf3 29. Be2 Rf6 30. Bb5 Raf8 $1 31. Ra2 Rf3 ({Black should try} 31... Rxf2 $15 32. Qxf2 Rxf2 33. Rxf2 Bh3) 32. Bf1 (32. Bxd7 $11 Qxd7 33. c4) 32... a5 ({Black should try} 32... Rxf2 $17 33. Qxf2 Rxf2 34. Rxf2 Bxa4) 33. Bg2 $2 (33. Qc1 $15) 33... R3f6 (33... Rxf2 $19 34. Qxf2 Rxf2 35. Rxf2 Bxa4) 34. Qe2 (34. Qc1 $15) 34... Qh6 $2 35. Rf1 Qg7 36. Kh1 h5 37. f3 (37. Qd1 $17) 37... h4 $11 (37... g4 $17 38. fxg4 Rxf1+ 39. Nxf1 Rf2 40. Qxf2 Bxf2 41. Rxf2 Bxg4) 38. g4 Bc8 39. Nd1 Qa7 40. h3 Ba6 41. c4 Bd4 42. Rc2 Rc8 43. Nb2 Bxb2 44. Rxb2 Bxc4 45. Rc1 Bxe2 46. Rxc8+ Kg7 47. Rxe2 Qd7 48. Rc4 b5 49. axb5 Qxb5 50. Rec2 a4 51. Rc7+ Rf7 52. d6 Qd3 53. Rxf7+ Kxf7 54. Rc7+ Ke6 55. d7 Ke7 56. Ra7 a3 57. Kh2 Kd8 0-1

[Event "Yingmei CHN-chT 2018"]
[Site "Shenzhen"]
[Date "2018.04.11"]
[Round "1"]
[White "Zhang, Ziji"]
[Black "Zhao, Jun"]
[Result "0-1"]
[WhiteElo "2360"]
[BlackElo "2601"]
[Annotator "TA"]
[PlyCount "62"]
[EventDate "2018.??.??"]
[EventCountry "CHN"]
[SourceTitle "playchess.com"]
[Source "ChessBase"]
[SourceQuality "1"]

{[%evp 23,62,-16,-18,-17,-12,-8,0,0,0,0,0,0,0,0,0,-77,-78,-76,-68,-80,-48,-157,-159,-154,-157,-159,-161,-170,-155,-200,-213,-227,-211,-254,-253,-269,-260,-325,-315,-368,-371]} 1. d4 Nf6 2. c4 g6 3. Nf3 Bg7 4. g3 c5 5. Bg2 O-O 6. O-O d6 7. Nc3 Nc6 8. dxc5 dxc5 9. Be3 Qa5 10. Qa4 Qxa4 11. Nxa4 b6 12. Nc3 Bb7 {LiveBook: 3 Games. E65: King's Indian: Fianchetto: 6...c5 7 0-0 without d5 by White} 13. Rad1 (13. h3 Rad8 14. Rad1 Ne8 15. Rxd8 Nxd8 16. Rc1 Nd6 17. b3 Ne6 18. Nd5 Bxd5 19. cxd5 Nc7 20. Nd2 {1-0 (53) Wang,H (2736)-Mamedyarov,S (2733) Beijing 2011}) 13... Ng4 14. Bd2 Rfd8 $146 {The position is equal.} ({Predecessor:} 14... Rad8 15. h3 Nge5 16. Nxe5 Bxe5 17. Bh6 Rfe8 18. Bg5 Bxc3 19. bxc3 f6 20. Bf4 {0-1 (30) Kiriushin,V (2170)-Eraschenkov,D (2388) Belorechensk 2007}) 15. h3 Nf6 16. Ne5 Nxe5 17. Bxb7 Rab8 18. Bf4 Nh5 19. Ba6 (19. Bxe5 $11 {remains equal.} Bxe5 20. Rxd8+ Rxd8 21. Rd1 Rxd1+ 22. Nxd1) 19... Nxf4 $17 20. gxf4 Nc6 $1 {[%cal Rc6b4] aiming for ...Nb4.} 21. Bb5 Nd4 22. e3 {[#]} ({Better is} 22. Kg2 $15) 22... Nf3+ $1 23. Kg2 {[#]} Nd2 $1 {[%cal Rd2f1]} 24. Rfe1 Bxc3 $1 25. bxc3 Ne4 26. Rd7 Rxd7 ({Less strong is} 26... Nxc3 27. Rxe7 a5 28. a3 $15) 27. Bxd7 Nxc3 28. a3 Rd8 29. Bc6 Rd2 30. Rc1 Nd1 31. Kf1 {intending Ke1.} Nxf2 {Precision: White = 33%, Black = 82%.} 0-1

[Event "Yingmei CHN-chT 2018"]
[Site "Shenzhen"]
[Date "2018.04.11"]
[Round "1"]
[White "Li, Ruofan"]
[Black "Ding, Yixin"]
[Result "0-1"]
[WhiteElo "2328"]
[BlackElo "2419"]
[Annotator "TA"]
[PlyCount "136"]
[EventDate "2018.??.??"]
[EventCountry "CHN"]
[SourceTitle "playchess.com"]
[Source "ChessBase"]
[SourceQuality "1"]

{[%evp 28,136,8,0,0,0,0,0,0,0,0,-9,1,-6,-14,-18,-20,-59,-54,-56,-50,-47,-28,-36,-52,-56,-29,-90,-94,-87,-89,-89,-89,-88,-87,-87,-88,-93,-91,-103,-108,-109,-98,-102,-103,-104,-102,-109,-85,-94,-78,-85,-66,-62,-50,-102,-86,-86,-84,-79,-80,-85,-79,-83,-81,-102,-102,-102,-95,-102,-102,-102,-102,-102,-102,-109,-102,-102,-102,-102,-102,-102,-102,-102,-102,-102,-102,-107,-102,-102,-35,-34,-38,-123,-50,-50,-50,-50,-49,-62,-64,-29973,-29974,-29974,-29975,-29975,-204,-29976,-29977,-29977,-29978]} 1. d4 Nf6 2. c4 e6 3. Nc3 d5 4. Bg5 Be7 5. Nf3 h6 6. Bh4 O-O 7. e3 Ne4 8. Bxe7 Qxe7 9. Qc2 Nxc3 10. Qxc3 dxc4 11. Bxc4 b6 12. O-O Bb7 13. Be2 Rc8 {D56: Queen's Gambit Declined: Lasker Defence} 14. b4 Nd7 (14... a5 15. a3 c5 16. dxc5 Nd7 17. Rfd1 axb4 18. axb4 bxc5 19. Rxa8 Rxa8 20. bxc5 Qxc5 {½-½ (20) Bu,X (2710)-Bacrot,E (2715) Tbilisi 2017}) 15. Rfc1 {LiveBook: 3 Games} a5 {The position is equal.} 16. b5 $146 ({Find the theoretical novelty and annotate with similar games:} 16. a3) 16... c6 17. bxc6 Rxc6 18. Qb2 Qb4 19. Qxb4 (19. Qb3 {NOTEXT} Qxb3 20. axb3 Rac8 21. Rxc6 Rxc6 22. Bb5) 19... axb4 20. Rxc6 Bxc6 21. Bc4 Nf6 (21... b5 $5 22. Bb3 $8 Bd5 23. Bxd5 exd5 $11) 22. Nd2 Bd5 {[#] Threatens to win with ...Bxc4.} 23. Rb1 Bxc4 24. Nxc4 $15 {[%mdl 4096] Endgame KRN-KRN} b5 25. Nd6 Rxa2 26. h3 Nd5 27. e4 (27. Nxb5 $11 {remains equal.} Rc2 28. e4) 27... Nc3 $17 28. Rxb4 Ra4 29. Rb2 Rxd4 30. Nxb5 Rd1+ 31. Kh2 Nxe4 32. f3 Nf6 33. Nc3 Rd3 34. Ne2 Nd5 35. h4 g6 36. Ra2 Kg7 37. Kg3 e5 38. Kf2 h5 39. Ra5 Rd1 40. g3 f5 41. Ra4 (41. Ra7+ $15 Kf8 42. Ra6) 41... Rd2 42. Ra7+ Kf6 43. Ra6+ Kf7 44. Ra7+ Ne7 45. Ke3 Rd6 46. Nc3 Kf6 47. Rb7 Ra6 48. Rb3 Ke6 49. Kd3 Nc6 50. Ne2 Na5 51. Rc3 Rd6+ 52. Ke3 Nc6 53. Rb3 Rd1 54. Rb6 Kd6 55. Rb7 Ra1 56. Kf2 Ra2 57. Ke3 Ra3+ 58. Kf2 e4 (58... Ra4 $17 59. Kf1 Ra2) 59. fxe4 $15 fxe4 60. Rg7 ({Better is} 60. Kg2 $1 $15) 60... Ne5 (60... Ne7 $17 61. Nf4 Rc3) 61. Nf4 $1 Ng4+ 62. Ke2 Ra2+ 63. Ke1 Ne5 {aiming for ...e3.} 64. Nxg6 $2 {[%mdl 8192] [#]} (64. Rg8 $15) 64... Nd3+ 65. Kf1 e3 {[%cal Be4e3,Be3e2][%mdl 32]} 66. Re7 Rf2+ 67. Kg1 e2 68. Re3 Rf1+ {Precision: White = 57%, Black = 73%.} 0-1

[Event "Yingmei CHN-chT 2018"]
[Site "Shenzhen"]
[Date "2018.04.11"]
[Round "1"]
[White "Peng, Hongchi"]
[Black "Wen, Yang"]
[Result "1/2-1/2"]
[WhiteElo "2312"]
[BlackElo "2585"]
[Annotator "TA"]
[PlyCount "61"]
[EventDate "2018.??.??"]
[EventCountry "CHN"]
[SourceTitle "playchess.com"]
[Source "ChessBase"]
[SourceQuality "1"]

{[%evp 13,61,21,34,21,22,12,12,0,43,39,60,57,72,63,69,49,72,66,83,43,50,67,96,91,75,78,140,133,238,205,205,205,194,185,162,154,254,250,260,260,273,103,99,70,70,72,68,69,61,0]} 1. e4 d6 2. g3 g6 3. Bg2 Bg7 4. Ne2 e5 5. O-O (5. d4 Nd7 6. Nbc3 Ngf6 7. h3 O-O 8. Be3 a6 9. a4 b6 10. g4 Bb7 11. d5 h5 12. Bf3 hxg4 13. hxg4 Nh7 14. Qd2 Bf6 15. O-O-O Ng5 16. Bg2 Kg7 {½-½ (29) Moser,E (2432)-Kilgus,G (2427) Austria 2012}) 5... Ne7 6. c3 {A00: Irregular Openings} O-O 7. d4 Nd7 {LiveBook: 3 Games} 8. Na3 f5 9. Bg5 $146 ({Predecessor:} 9. exf5 Rxf5 10. Nc4 Qf8 11. Bh3 Rf3 12. Nf4 Rxf4 13. gxf4 exf4 14. Re1 {1-0 (52) Van de Laan,D-Staffeldt,S Hengelo 1994}) 9... fxe4 10. Bxe4 Nf6 11. Bg2 h6 12. Bxf6 Bxf6 13. dxe5 Bxe5 14. Nd4 d5 15. Re1 Bf6 16. Ne6 Bxe6 $1 17. Rxe6 c6 18. Qd3 Kg7 19. Rae1 Rf7 (19... Nf5 $142) 20. Nc2 $36 {[%cal Ba3c2,Bc2d4,Bd4e2,Be2f4][%mdl 2080] White is in control.} Nf5 (20... Qb6 $16) 21. Bh3 Nd6 {...Ne4 would now be nice for Black.} 22. Nd4 $1 ({Don't take} 22. f3 $6 Nb5 $14) 22... Kh7 23. Ne2 Ne4 {[#] White must now prevent ...Qb6.} 24. Nf4 $1 {Hoping for f3.} Rg7 (24... Bg5 $16) 25. R1xe4 $18 dxe4 26. Qxe4 Qd1+ {[#]} 27. Kg2 $2 (27. Bf1 $1 $18 {and the rest is easy.} Bg5 28. Rxg6 Rxg6 29. Qxg6+ Kh8 30. Qf7 Bxf4 31. Qxf4) 27... Rf8 $16 28. Nxg6 Rxg6 29. Bf5 Qh5 30. g4 {[%mdl 1024] Kf1 is the strong threat. White has compensation.} Kg7 $1 31. h4 {Precision: White = 54%, Black = 44%.} ({Better is} 31. h3 $1 $14) 1/2-1/2

[Event "Yingmei CHN-chT 2018"]
[Site "Shenzhen"]
[Date "2018.04.11"]
[Round "1"]
[White "Xu, Minghui"]
[Black "Jakovenko, Dmitry"]
[Result "0-1"]
[WhiteElo "2302"]
[BlackElo "2732"]
[Annotator "TA"]
[PlyCount "50"]
[EventDate "2018.??.??"]
[EventCountry "CHN"]
[SourceTitle "playchess.com"]
[Source "ChessBase"]
[SourceQuality "1"]

{[%evp 19,50,-8,-8,-8,-6,-12,0,0,0,0,0,0,0,0,0,0,0,-75,-75,-202,-200,-216,-213,-289,-300,-279,-263,-353,-362,-490,-473,-413,-360]} 1. d4 Nf6 2. c4 e6 3. Nf3 b6 4. g3 Ba6 5. Qb3 Nc6 6. Nbd2 d5 7. Qa4 {E15: Queen's Indian: 4 g3 sidelines, 4 g3 Ba6 and 4 g3 Bb7 early deviations} Bb7 8. Bg2 Bd6 9. cxd5 exd5 10. O-O O-O {LiveBook: 3 Games} 11. Nb1 h6 $146 ({Find the theoretical novelty and annotate with similar games:} 11... Ne4 12. Bf4 Re8 13. Rc1 Bxf4 14. gxf4 Ne7 {½-½ (25) Gelfand,B (2703)-Leko,P (2713) Monte Carlo 2002}) 12. Nc3 Re8 13. Bf4 Bxf4 14. gxf4 Ne7 15. e3 Ne4 16. Rac1 Nd6 17. Kh1 c5 18. b4 {[#]} (18. dxc5 $11 bxc5 19. Rfd1) 18... b5 $1 $17 {[%mdl 512]} 19. Nxb5 (19. Qa3 $17 cxd4 20. Nxd4) 19... Bc6 $19 {[%cal Bb7c6,Bc6b5,Bb5a4][%mdl 32]} 20. Rxc5 {[#]} Qb6 $1 {[%cal Rc6b5]} 21. Qc2 Bxb5 22. Rc1 Ne4 23. Rc7 Rac8 24. a4 Rxc7 25. Qxc7 Bxa4 {Precision: White = 43%, Black = 88%.} 0-1

[Event "Yingmei CHN-chT 2018"]
[Site "Shenzhen"]
[Date "2018.04.11"]
[Round "1"]
[White "Li, Xueyi"]
[Black "Zhao, Shengxin"]
[Result "1-0"]
[WhiteElo "2275"]
[BlackElo "2186"]
[Annotator "NA RC"]
[PlyCount "77"]
[EventDate "2018.??.??"]
[EventCountry "CHN"]
[SourceTitle "playchess.com"]
[Source "ChessBase"]
[SourceQuality "1"]
[TimeControl "5400+30"]

{[%evp 8,52,18,16,19,18,14,14,20,12,15,14,33,28,37,32767,32767,47,56,52,137,136,144,32767,127,127,126,82,80,77,75,88,76,72,81,71,100,29,63,52,96,106,126,101,156,160,248]} 1. Nf3 Nf6 2. g3 d5 3. Bg2 Bg4 4. Ne5 Bf5 5. c4 c6 6. cxd5 cxd5 7. Qa4+ {A11: English Opening: 1...c6} Nbd7 8. Nc3 {LiveBook: 40 Games} e6 9. d3 (9. g4 Bc2 10. Nxf7 Kxf7 11. Qxc2 Nxg4 12. Nxd5 Qh4 13. Qc7 Qxf2+ 14. Kd1 Ke8 15. Bf3 {1-0 (113) Skoberne,J (2553)-Akobian,V (2647) chess.com INT 2018}) 9... Bd6 10. Nxd7 Nxd7 $146 ({Predecessor:} 10... Qxd7 11. Qxd7+ Nxd7 12. e4 dxe4 13. dxe4 Bg6 14. f4 f6 {1-0 (36) Berg,K (2395)-Kristensen,K (2295) Copenhagen 1993}) 11. e4 dxe4 12. dxe4 Bg6 13. Be3 Qe7 (13... O-O $14) 14. Rd1 Rd8 15. Qxa7 O-O 16. Qxb7 Bh5 17. Rd2 Ne5 18. Qxe7 Bxe7 19. Rxd8 Rxd8 20. O-O Nc4 21. Bc1 Bf6 22. f3 ({Better is} 22. Na4 $16) 22... Bxc3 23. bxc3 e5 24. g4 Bg6 25. f4 exf4 26. Bxf4 Rd3 $18 (26... f6 $16 27. Ra1 Rc8) 27. Rc1 Na5 28. Bc7 Nc6 29. a4 Rd7 30. Bg3 f6 31. Ra1 Ra7 32. Bf2 Ra6 33. Bf1 Ra8 34. Bc4+ Kh8 35. Bd5 Be8 36. Bb6 Rb8 37. a5 h6 38. Bd4 Rb5 39. a6 1-0

[Event "Yingmei CHN-chT 2018"]
[Site "Shenzhen"]
[Date "2018.04.11"]
[Round "1"]
[White "Ren, Xiaoyi"]
[Black "Xiao, Yiyi"]
[Result "1-0"]
[WhiteElo "2263"]
[BlackElo "2363"]
[Annotator "TA"]
[PlyCount "143"]
[EventDate "2018.??.??"]
[EventCountry "CHN"]
[SourceTitle "playchess.com"]
[Source "ChessBase"]
[SourceQuality "1"]

{[%evp 9,143,-27,-21,-45,-22,-54,-30,-45,-20,-38,-52,-47,-51,-79,-58,-57,-14,-11,-21,-14,13,-9,8,-31,0,-43,25,13,78,-14,0,0,34,-33,64,64,64,65,80,65,65,64,65,72,83,62,170,170,257,255,255,255,255,255,255,247,243,236,469,469,469,469,469,333,333,320,364,357,364,364,469,463,469,455,585,535,529,500,786,781,693,685,1514,1102,1102,1033,950,860,847,958,1921,3227,4752,3044,5019,1916,6737,5522,12835,1468,12845,1604,1845,2627,1827,1686,1544,1128,12837,12837,12837,12838,12837,12837,12837,12837,12835,12838,12837,12835,12836,12836,12837,12837,12835,1908,12841,12841,12842,12842,12843,12843,12843,12844,12844,12845]} 1. d4 Nf6 2. c4 e6 3. Bf4 b6 4. Nd2 (4. Nc3 Bb4 5. Qb3 a5 6. a3 Bxc3+ 7. Qxc3 d6 8. f3 Nh5 9. Be3 f5 10. Nh3 {0-1 (31) Caruana,F (2802)-Hou,Y (2652) chess.com INT 2017}) 4... Bb7 5. Ngf3 Be7 6. Qc2 {A50: Queen's Fianchetto Defence (1 d4 Nf6 2 c4 b6)} c5 7. e3 $146 ({Predecessor:} 7. e4 cxd4 8. Nxd4 Nc6 9. Nxc6 dxc6 10. Be2 c5 11. Rd1 O-O 12. h4 {½-½ (41) Moosleitner,H (1803)-Thoeny,H (2221) Seefeld 1999}) 7... Nc6 8. a3 {Black has an edge.} O-O 9. Bd3 cxd4 10. exd4 d5 11. c5 a5 12. O-O h6 13. Bb5 bxc5 14. dxc5 d4 15. Qc4 Qc8 16. b4 Rd8 (16... Nd5 $5 {[%cal Rd5f4]} 17. Bd6 (17. Nxd4 Nxd4 18. Qxd4 axb4 $17) 17... Bxd6 18. cxd6 Nc3 $11) 17. Nb3 {[%cal Rb3d4]} Nh5 (17... Na7 $15 18. Nbxd4 (18. Nfxd4 Nxb5 19. Nxb5 Qc6 $15) 18... Nxb5 19. Nxb5 Ba6) 18. Bd2 $1 $36 {[%mdl 2048] White has the initiative.} e5 {[#]} (18... Bf6 $11) 19. Ba4 (19. bxa5 $6 Bf6 $11) (19. Bxc6 $1 $16 Bxc6 20. Nxe5) 19... axb4 20. axb4 Qf5 21. b5 ({White should play} 21. Rfe1 $14 Qg6 22. Qf1) 21... Na5 (21... e4 $1 $15 22. bxc6 exf3) 22. Nxa5 $14 Bxf3 23. gxf3 {aiming for Nc6.} Rxa5 $1 24. Bc2 d3 $1 25. Rxa5 (25. Bxa5 Nf4 $17) 25... dxc2 26. Qg4 $1 {[%cal Rg4f5]} Qxg4+ 27. fxg4 Bxc5 (27... Rxd2 $14 28. b6 Nf4) 28. Be3 $18 Nf4 (28... Bxe3 {was worth a try.} 29. fxe3 Nf6) 29. Bxc5 c1=Q 30. Rxc1 Ne2+ 31. Kg2 Nxc1 {[%mdl 4096] Endgame KRB-KRN} 32. Be3 Nb3 33. Ra7 {Black must now prevent b6.} Rb8 $2 (33... Rd5 {was called for.}) 34. b6 Kf8 35. Rc7 Na5 36. Bc5+ Kg8 37. Kf3 Nb7 38. Be3 Nd6 39. Rc6 Nb7 40. Ke4 {White is clearly winning.} f6 41. Rc7 Kh7 42. Kd5 Kg6 43. h4 h5 (43... f5 $142 44. Rc6+ Kf7 45. gxf5 Nd8) 44. gxh5+ Kxh5 45. Rxg7 Kxh4 46. Ke6 Na5 47. Kf5 {[%cal Rg7h7]} Kh3 48. Rg6 Nc4 49. Rxf6 Kg2 50. Rc6 Na5 51. Rg6+ Kf3 52. Kxe5 Rd8 53. Ke6 Nc4 54. Ke7 (54. Rg3+ $142 Ke2 55. Bc5) 54... Rd3 55. Rg3+ (55. b7 $142 Rb3 {[#]} 56. Bb6 $1 {[%mdl 512]} (56. Rf6+ Ke2 $16) 56... Rxb6 57. Rxb6 Nxb6 58. b8=Q Nd5+ 59. Ke6 Nf4+ 60. Kf6) 55... Ke2 56. Rg4 Ne5 57. Re4 Nc6+ 58. Ke6 Kf3 59. Rf4+ Ke2 60. Rc4 Nd8+ 61. Ke7 Nb7 62. Rc7 Na5 63. Rd7 ({Weaker is} 63. b7 Rb3 $16) 63... Rc3 64. Kd8 Nc6+ 65. Ke8 Rb3 66. Rc7 Na5 67. Kd8 (67. Kd7 $142 Kf3 68. Kc8) 67... Rb1 68. Kc8 Rg1 69. Rd7 Rg8+ 70. Kc7 Rg6 71. b7 Rc6+ 72. Kd8 {Precision: White = 67%, Black = 31%.} 1-0

[Event "Yingmei CHN-chT 2018"]
[Site "Shenzhen"]
[Date "2018.04.11"]
[Round "1"]
[White "Ning, Kaiyu"]
[Black "Yang, Yijing"]
[Result "1-0"]
[WhiteElo "2176"]
[BlackElo "1987"]
[Annotator "TA"]
[PlyCount "69"]
[EventDate "2018.??.??"]
[EventCountry "CHN"]
[SourceTitle "playchess.com"]
[Source "ChessBase"]
[SourceQuality "1"]

{[%evp 30,69,15,16,20,12,14,5,4,12,11,0,58,46,44,46,100,110,92,93,203,197,759,737,4869,4762,5210,329,670,670,670,664,654,653,612,608,604,597,597,587,909,908]} 1. d4 Nf6 2. Nf3 d5 3. c4 e6 4. Nc3 c5 5. cxd5 Nxd5 6. e4 Nxc3 7. bxc3 cxd4 8. cxd4 Bb4+ 9. Bd2 Bxd2+ 10. Qxd2 O-O 11. Rc1 b6 {D41: Queen's Gambit Declined: Semi-Tarrasch with 5 cxd5} 12. Bd3 Bb7 (12... Ba6 13. Bxa6 Nxa6 14. O-O Qe7 15. Qe2 Qb7 16. Ne5 Rac8 17. h4 Nb8 18. Nc4 Qa6 19. Rc2 {½-½ (61) So,W (2788)-Dominguez Perez,L (2739) Saint Louis 2017}) 13. O-O Nd7 14. Qe3 Rc8 15. e5 Bxf3 16. Qxf3 {LiveBook: 3 Games} Nb8 {[#]} 17. Rxc8 $146 ({Predecessor:} 17. Qe4 g6 18. h4 Qd7 19. h5 Rxc1 20. Rxc1 {½-½ (38) Greenfeld,A (2550)-Haug,J (2297) Fagernes 2017}) 17... Qxc8 18. d5 exd5 19. Qxd5 $40 {[%mdl 128] White has some attack.} Qc6 20. Qd4 Re8 (20... Nd7 $11) 21. Rd1 g6 22. Bc4 b5 (22... Qc7 $14) 23. Bb3 $16 Qc7 24. f4 Re7 {[#]} (24... Na6 $16 {was worth a try.}) 25. e6 $1 $18 {[%cal Re6f7]} fxe6 $2 (25... f5 26. Qe3 a5) 26. Qf6 Qb6+ 27. Kh1 Re8 28. Rd8 $2 (28. f5 {[%cal Rf5e6]} gxf5 29. Rd3) 28... Rxd8 $2 (28... Qxd8 29. Bxe6+ {[#]} Rxe6 $1 {[%mdl 512]} 30. Qxd8+ Kf7) 29. Bxe6+ {White is clearly winning.} Qxe6 30. Qxe6+ {KQ-KRN} Kf8 {( -> ...Rd1+)} 31. Qf6+ Ke8 {[%cal Rd8d1]} 32. Qh8+ Kd7 33. Qxh7+ Kc8 {[%cal Rd8d1]} 34. h4 a5 35. Qxg6 {Precision: White = 79%, Black = 25%.} 1-0

[Event "Yingmei CHN-chT 2018"]
[Site "Shenzhen"]
[Date "2018.04.11"]
[Round "1"]
[White "Gu, Tianlu"]
[Black "Zhu, Jiner"]
[Result "1/2-1/2"]
[WhiteElo "2171"]
[BlackElo "2313"]
[Annotator "NA RC"]
[PlyCount "142"]
[EventDate "2018.??.??"]
[EventCountry "CHN"]
[SourceTitle "playchess.com"]
[Source "ChessBase"]
[SourceQuality "1"]
[TimeControl "5400+30"]

1. e4 c5 2. Nf3 d6 3. d4 cxd4 4. Nxd4 Nf6 5. Nc3 a6 6. g3 e6 {LiveBook: 670 Games} 7. Bg2 Qc7 8. O-O Nc6 9. Be3 Bd7 {B80: Sicilian Scheveningen: 6 g3 and 6 Be3, including English Attack} 10. Nb3 (10. f4 Na5 11. Bf2 Rc8 12. Qe2 Nc4 13. Rae1 Nxb2 14. e5 Qxc3 15. exf6 gxf6 16. Qh5 Rc5 17. Bd5 Rxd5 18. Qxd5 {1-0 (60) Naiditsch,A (2696)-Saric,I (2668) Monzon 2016}) 10... Ne5 11. a4 Be7 12. h3 Rc8 $146 ({Predecessor:} 12... Nc4 13. Bc1 O-O 14. Nd4 Rab8 15. Qe2 Ne8 16. b3 Bf6 17. Rd1 {½-½ (80) Meister,J (2450)-Flis,J (2310) Pardubice 1995}) 13. a5 Nc4 14. Bc1 O-O 15. g4 d5 16. exd5 Rfd8 17. dxe6 Bxe6 18. Qf3 Nd5 19. Nd4 Ne5 20. Qg3 Nxc3 21. bxc3 Bc4 {[#]} 22. Bf4 $1 Bd6 23. Rfb1 Rb8 {[#]} 24. Nf5 (24. Kh1 $1 $18) 24... Nf3+ 25. Qxf3 Bxf4 26. Rxb7 Rxb7 27. Qxb7 Qe5 (27... Bh2+ $16 {was worth a try.} 28. Kh1 h5) 28. Qe7 (28. Qb4 $18 Bb5 29. Nd4) 28... Qxe7 29. Nxe7+ Kf8 30. Nc6 Rd6 $16 31. Nd4 Bd2 32. Ra4 Bxc3 33. Rxc4 Bxd4 34. Kf1 g5 35. Be4 h6 36. Ke2 Ke7 37. Rc7+ Rd7 38. Rc6 Rd6 39. Rc7+ Rd7 40. Rxd7+ Kxd7 41. Kd3 Be5 42. Bb7 Bc7 43. Bxa6 Bxa5 44. c4 Bb6 45. f3 Kd6 46. Ke4 Bc5 47. Bc8 Ba3 48. Ba6 Bb4 49. Bb5 Ba3 50. Ba6 Bb4 51. Bb7 Bc5 52. Ba8 Bf2 53. Bd5 Ke7 54. Ke5 Bg3+ 55. Kd4 Bf2+ 56. Kc3 Bc5 57. Kd3 Bf2 58. Ke4 Bg1 59. Bc6 Kd6 60. Bb5 Bf2 61. f4 Bg3 62. fxg5 hxg5 63. Kf5 Bh4 64. Kf6 Kc5 65. Kxf7 Kd6 66. Kf6 Kc5 67. Ba6 Kd6 68. Bb7 Kc5 69. Bd5 Kd6 70. Kf5 Kc5 71. Ke4 Bg3 1/2-1/2

[Event "Yingmei CHN-chT 2018"]
[Site "Shenzhen"]
[Date "2018.04.11"]
[Round "1"]
[White "Xu, Yuze"]
[Black "Zhou, Zirun"]
[Result "1/2-1/2"]
[WhiteElo "2021"]
[BlackElo "1993"]
[Annotator "NA RC"]
[PlyCount "40"]
[EventDate "2018.??.??"]
[EventCountry "CHN"]
[SourceTitle "playchess.com"]
[Source "ChessBase"]
[SourceQuality "1"]
[TimeControl "5400+30"]

{[%evp 8,28,-2,-25,-26,-31,-24,-60,-47,-93,-89,-87,-93,-93,-102,-85,-40,-120,-99,-90,-70,-62,-68]} 1. c4 e6 2. Nc3 d5 3. d4 Nf6 4. e3 a6 5. a4 c5 {LiveBook: 3 Games} 6. Nf3 Nc6 7. Ne5 Bd6 8. f4 O-O 9. Be2 cxd4 10. exd4 dxc4 11. Bxc4 Qc7 12. Nxc6 ({Better is} 12. Be3 $15) 12... Qxc6 13. Qe2 b6 14. O-O Bb7 $15 15. Be3 Ne4 16. Nxe4 Qxe4 17. Bd3 Qd5 18. Bc4 Qe4 19. Bd3 Qd5 20. Bc4 Qe4 1/2-1/2